| Tag |
First Indicator |
Second Indicator |
Subfields |
| LEADER |
00000cam a2200000Ii 4500 |
| 001 |
in00004417153 |
| 005 |
20210728141334.0 |
| 008 |
130904t20132013cou b 000 0 eng d |
| 020 |
|
|
|a 1478716975
|
| 020 |
|
|
|a 9781478716976
|
| 035 |
|
|
|a (OCoLC)ocn857646508
|
| 040 |
|
|
|a YDX
|e rda
|c YDX
|d COO
|d TVP
|d TXA
|d UtOrBLW
|
| 049 |
|
|
|a TXAM
|
| 082 |
0 |
|
|a 236.24
|b BURGESS, 2013
|
| 090 |
|
|
|a BF1261.2
|b .B87 2013
|
| 100 |
1 |
|
|a Burgess, Brian,
|e author.
|0 http://id.loc.gov/authorities/names/no2011065985
|
| 245 |
1 |
0 |
|a We will see our pets in heaven :
|b the afterlife of animals from a biblical perspective /
|c Brian Burgess.
|
| 264 |
|
1 |
|a Denver :
|b Outskirts Press,
|c [2013]
|
| 264 |
|
4 |
|c ©2013
|
| 300 |
|
|
|a ii, 76 pages ;
|c 21 cm.
|
| 336 |
|
|
|a text
|b txt
|2 rdacontent
|
| 337 |
|
|
|a unmediated
|b n
|2 rdamedia
|
| 338 |
|
|
|a volume
|b nc
|2 rdacarrier
|
| 504 |
|
|
|a Includes bibliographical references (pages 75-76).
|
| 520 |
|
|
|a I know how hard it is to lose a pet. I've had the pleasure of caring for many pets throughout my life and I am grief stricken every time one of them passes away. Dealing with the loss of a pet is difficult, especially when you've been taught as a child and led to believe throughout the years by misinformed people such as parents, family and friends that they are gone forever and that you'll never see them again. After losing my Black Lab back in December 2009 and then my Golden Retriever in 2011 I decided to find out for myself what the Bible had to say about the subject. What I found out was very comforting and I know you will be comforted too when you read this book.
|
| 650 |
|
0 |
|a Pets
|x Death
|x Religious aspects
|x Christianity.
|0 http://id.loc.gov/authorities/subjects/sh2019101843
|
| 650 |
|
0 |
|a Pets
|x Religious aspects
|x Christianity.
|
| 650 |
|
0 |
|a Death
|x Religious aspects
|x Christianity.
|0 http://id.loc.gov/authorities/subjects/sh85036098
|
| 650 |
|
0 |
|a Future life
|x Christianity.
|0 http://id.loc.gov/authorities/subjects/sh2008104220
|
| 948 |
|
|
|a cataloged
|b h
|c 2021/3/23
|d c
|e dmitchel
|f 12:44:16 pm
|
| 994 |
|
|
|a C0
|b TXA
|
| 999 |
f |
f |
|s dde382dc-0464-38bd-8bd9-0d8d6748048d
|i 17b8745f-cc54-3e09-bb33-5479f71f6687
|t 0
|
| 952 |
f |
f |
|p normal
|a Texas A&M University
|b College Station
|c Sterling C. Evans Library
|d Evans: Library Stacks
|t 0
|e BF1261.2 .B87 2013
|h Library of Congress classification
|i unmediated -- volume
|m A14851148974
|
| 998 |
f |
f |
|a BF1261.2 .B87 2013
|t 0
|l Evans: Library Stacks
|